000
00285 a2200109 4500
000
nam a22 7a 4500
020
_a
9781032599144
100
_a
Turjiman, Fadi-AI
_9
102
245
_a
Internet of Nano things and wireless body area Networks(WBAN)
260
_b
CRC
_c
2023
264
_b
CRC
999
_c
35988
_d
35988